000 01373cam a22001814a 4500
005 20250605164355.0
008 250528s ||||||||||||||||||||||||d
035 _a24272
040 _aGR-AtMCL
_bgre
_dGR-AtMCL
_eAACR2
245 1 _aΧρήμα / Οι Νικητές του Lockdown: Το Top 20 των Πλέον Κερδοφόρων Εισηγμένων
260 _bEthos Media,
_c2020
300 _a80
520 _aΟι Νικητές του Lockdown: Το Top 20 των Πλέον Κερδοφόρων Εισηγμένων, Τυχερά Παίγνια: Νέο Πλαίσιο 'Ανατέλει' στη Διαδικτυακή Αγορά Τυχερών Παιγνίων, Συγκοινωνίες - Υποδομές - Logistics: Επανεκκίνηση της Οικονομίας με Όχημα τα Logistics και τις Εμπορευματικές Μεταφορές, Απολογισμός 2nd Greek Corporate Governance Summit: Καταλυτικός ο Πόλος της Εταιρικής Διακυβέρνησης για την Προσέλκυση Επενδυτών και Χρηματοδότησης, Εν Αρχή: Ενθαρρυντικές Ενδείξεις, Ανάλυση VRS: CyrusOne, Δια Ταύτα: Lost in Translation.
700 1 _aΟυζούνη Κωνσταντίνος
_99441
942 _cCR
999 _c9162
_d9162